Central Library OPAC University of Rajshahi

নভোরশ্মি / (Record no. 52770)

MARC details
000 -LEADER
fixed length control field 00830nam a2200229 a 4500
001 - CONTROL NUMBER
control field 52770
003 - CONTROL NUMBER IDENTIFIER
rucl marc code BD-RjUL
005 - DATE AND TIME OF LATEST TRANSACTION
control field 20211209075846.0
008 - FIXED-LENGTH DATA ELEMENTS--GENERAL INFORMATION
fixed length control field 160926s1946 ii ||||| |||| 00| 0 ben d
020 ## - INTERNATIONAL STANDARD BOOK NUMBER
Terms of availability : IRs 0.50
035 ## - SYSTEM CONTROL NUMBER
System control number (BD-RjUL) 52890
040 ## - CATALOGING SOURCE
Original cataloging agency BD-RjUL
Language of cataloging ben
Transcribing agency BD-RjUL
041 ## - LANGUAGE CODE
Language code of text/sound track or separate title ben
082 ## - DEWEY DECIMAL CLASSIFICATION NUMBER
Edition number 23
Classification number 539.7223
Author mark and year SAN 1946
100 ## - MAIN ENTRY--PERSONAL NAME
Personal name সরকার, সুকুমারচন্দ্র
9 (RLIN) 157802
245 10 - TITLE STATEMENT
Title নভোরশ্মি /
Statement of responsibility, etc. সুকুমারচন্দ্র সরকার
260 ## - PUBLICATION, DISTRIBUTION, ETC. (IMPRINT)
Place of publication, distribution, etc. কলিকাতা :
Name of publisher, distributor, etc. বিশ্বভারতী,
Date of publication, distribution, etc. ১৯৪৬ [১৩৫৩]
300 ## - PHYSICAL DESCRIPTION
Pagination ৫০ পৃ. :
Illustrations চিত্র;
Size ১৮ সেমি.
650 ## - SUBJECT ADDED ENTRY--TOPICAL TERM
Topical term or geographic name as entry element মহাজাগতিক রশ্মি
9 (RLIN) 157803
Topical term or geographic name as entry element cosmic rays
9 (RLIN) 157804
942 ## - ADDED ENTRY ELEMENTS (KOHA)
Source of classification or shelving scheme Dewey Decimal Classification
Koha item type Books
Holdings
Lost status Source of classification or shelving scheme Damaged status Not for loan Collection code Permanent Location Current Location Shelving location Date acquired Source of acquisition Cost, normal purchase price Total Checkouts Full call number Date last seen Copy number Koha item type
  Dewey Decimal Classification     Non-fiction Central Library, University of Rajshahi Central Library, University of Rajshahi   15/03/1962 Faruk Library, Rajshahi 0.58   B 539.7223 SAN 1946 26/09/2016 C-2 Books
  Dewey Decimal Classification     Non-fiction Central Library, University of Rajshahi Central Library, University of Rajshahi   13/02/1958 Kamala book. 0.50   B 539.7223 SAN 1946 29/11/2016 C-3 Books